Medagliere - Campionati europei di atletica Roma 2024 - Statistics

Statistiche generali
  • Questo quiz è stato fatto 25 volte
  • Il punteggio medio è 24 su 28
Statistiche sulle risposte
Nazione Ori Argenti Bronzi Medaglie complessive % Corretto
Italia 11 9 4 24
100%
Polonia 2 2 2 6
100%
Spagna 2 3 3 8
100%
Francia 4 5 7 16
96%
Irlanda 2 2 0 4
96%
Norvegia 4 2 1 7
96%
Paesi Bassi 3 4 5 12
96%
Portogallo 0 1 2 3
96%
Svezia 2 0 1 3
96%
Germania 1 3 7 11
91%
Ucraina 1 1 4 6
91%
Austria 1 1 0 2
87%
Belgio 3 1 2 6
87%
Croazia 1 1 0 2
87%
Estonia 1 0 0 1
87%
Finlandia 0 0 1 1
87%
Serbia 0 2 0 2
87%
Svizzera 4 1 4 9
87%
Ungheria 0 1 0 1
87%
Grecia 1 2 0 3
83%
Lituania 0 0 1 1
83%
Romania 0 1 0 1
83%
Slovacchia 0 1 0 1
83%
Turchia 0 1 1 2
83%
Gran Bretagna 4 4 5 13
78%
Repubblica Ceca 1 0 0 1
78%
Slovenia 1 0 0 1
78%
Israele 0 1 0 1
30%
Nessun quiz corrispondente trovato
Distribuzione punteggi
Percentuale di utenti per punteggio
Percentile per numero di risposta
I tuoi punteggi nel tempo
Non hai fatto questo quiz